Markets (Record no. 83250)

MARC details
000 -LEADER
fixed length control field 01325cab a22002295a 4500
001 - CONTROL NUMBER
control field L153276
008 - FIXED-LENGTH DATA ELEMENTS--GENERAL INFORMATION
fixed length control field 110704e20110701xxk 000 0 eng d
035 ## - SYSTEM CONTROL NUMBER
System control number (Sirsi) u153276
041 0# - LANGUAGE CODE
Language code of text/sound track or separate title eng
100 1# - MAIN ENTRY--PERSONAL NAME
Personal name Watson, Stuart
245 00 - TITLE STATEMENT
Title Markets
Remainder of title South Wales
260 ## - PUBLICATION, DISTRIBUTION, ETC.
Date of publication, distribution, etc. 2011
490 #0 - SERIES STATEMENT
Series statement Property Week
Volume/sequential designation 77(26) 1 July 2011, 43-48(5)
520 ## - SUMMARY, ETC.
Summary, etc. Insurer Admiral Group has taken 100 000 sq ft of office space in Cardiff, Swansea and Newport. Developer JR Smart is to commence work this month on a 76 000 sq ft speculative office building in Cardiff's Capital Quarter. Wales indicates that it will follow England in introducing a presumption in favour of sustainable development. St Modwen and Persimmon to construct residential developments in Newport and Neath. Queensberry Real Estate, the purchaser of the stalled Modus shopping centre at Friar's Walk in Newport hasunveiled its revival plans. Hansteen has lowered vacancy rates and sold assets at its Cardiff's Treforest industrial estate.
590 ## - LOCAL NOTE (RLIN)
Local note KA
651 #4 - SUBJECT ADDED ENTRY--GEOGRAPHIC NAME
Geographic name South Wales
690 ## - LOCAL SUBJECT ADDED ENTRY--TOPICAL TERM (OCLC, RLIN)
Topical term or geographic name as entry element PROPERTY-RESIDENTIAL PROPERTY-RESIDENTIAL PROPERTY MARKET
690 ## - LOCAL SUBJECT ADDED ENTRY--TOPICAL TERM (OCLC, RLIN)
Topical term or geographic name as entry element PROPERTY-COMMERCIAL PROPERTY-COMMERCIAL PROPERTY MARKET
690 ## - LOCAL SUBJECT ADDED ENTRY--TOPICAL TERM (OCLC, RLIN)
Topical term or geographic name as entry element PROPERTY-COMMERCIAL PROPERTY-COMMERCIAL PROPERTY FINANCE AND INVESTMENT
700 1# - ADDED ENTRY--PERSONAL NAME
Personal name Berman, Rodney
942 ## - ADDED ENTRY ELEMENTS (KOHA)
Suppress in OPAC 0
Holdings
Withdrawn status Lost status Source of classification or shelving scheme Damaged status Not for loan Home library Current library Shelving location Date acquired Total Checkouts Full call number Barcode Date last seen Copy number Price effective from Koha item type
    Dewey Decimal Classification     London London Journal article 04/07/2011   L153276 153276-1001 06/08/2019 1 06/08/2019 Journal article